Normal view
MARC view
Entry AUTORIDADES PERSONAS
001 - NÚMERO DE CONTROL
- campo de control: 520
003 - CONTROL
- campo de control: AR-BaSMT
005 - FECHA Y HORA DE LA ÚLTIMA TRANSACCIÓN
- campo de control: 20260512155743.0
008 - ELEMENTOS LONGITUD FÍSICA
- campo de control de longitud fija: 260512|| aca||aabn | a|a d
040 ## - FUENTE DE CATALOGACIÓN
- Agencia que cataloga: AR-BaSMT
- Idioma de catalogación: spa
- Norma: RDA
100 1# - ENCABEZAMIENTO-NOMBRE DE PERSONA
- Nombre de persona: Cortizas, Ludmila
400 0# - TRAZADO DE VÉASE--NOMBRE DE PERSONA
- Nombre de persona: Ludmila Cortizas
670 ## - FUENTE DE DATOS ENCONTRADOS
- Cita de la fuente: Ambiente y biodiversidad en Argentina: Problemas y desafíos, 2021
- Donde se localiza la información: Portada
